| 000 | 00841nmm a2200265 a 4500 | ||
|---|---|---|---|
| 001 | ocm0001132604 | ||
| 003 | TR-IsHL | ||
| 005 | 20201028152249.0 | ||
| 008 | 150709s2014 tu tur | ||
| 007 | cr cn | ||
| 020 | _a9786058553927 | ||
| 035 |
_a1132604 _b(N$T) |
||
| 050 | 0 | 4 |
_aPL248.A43 _bİ78 2014 |
| 090 | 0 | 4 |
_aPL248.A43 _bİ78 2014 |
| 100 | 1 | _aAkbulut, Nevin | |
| 245 | 1 | 0 |
_aİstem dışı kırmızı _h[electronic resource] / _cNevin Akbulut |
| 260 |
_aİstanbul : _bGünyüzü Yayıncılık, _c2014 |
||
| 300 | _a177 p. | ||
| 650 | 4 | _aDil ve Edebiyat | |
| 650 | 4 | _aLanguage and Literature | |
| 650 | 0 | _aTürk şiiri | |
| 650 | 0 | _aTurkish fiction | |
| 650 | 7 |
_aLITERARY COLLECTIONS / Middle Eastern _2bisacsh |
|
| 856 | 4 | 0 | _uhttp://search.ebscohost.com/login.aspx?direct=true&scope=site&db=e011xww&AN=1132604 |
| 999 |
_c11437 _d11437 |
||